01356cam a22003131a 450000100060000000300080000600500170001400800390003103500190007003500190008904000420010804100080015005100150015808200250017310000260019824501650022426000620038930000370045149001430048850001140063150400200074560000450076565100500081065100470086083000100090770000260091770000310094383000680097424759BD-RjUL20211209001108.0140315s1951 enkc b 001 0 eng a(BD-RjUL)24828 a(OCoLC)1350639 aDLCcTxDWdDGWdUkdDLCdBD-RjULbeng aeng aDA355b.C500a942.055092bCLE 19511 aClapham, John,d1566-10aElizabeth of England :bcertain observations concerning the life and reign of Queen Elizabeth by John Clapham /cedited by Evelyn Plummer Read and Conyers Read. aPhiladelphia :bUniversity of Pennsylvania Press,cc1951. aviii, 125 p. :bports. ;c21 cm.1 aUniversity of Pennsylvania. Department of History. Translations and reprints from the original sources of history. Third series ;vv. 6 a"The text printed is that of the second draft in Additional manuscripts 22295, in the British Museum"--P. 26. aIncludes index.00aElizabethcQueen of England,d1533-1603. 0aGreat BritainxHistoryyElizabeth, 1558-1603. 0aGreat BritainxHistoryyTudors, 1485-1603. 0vv. 6.1 aRead, Evelyn Plummer.1 aRead, Conyers,d1881-1959. 0aTranslations and reprints from the original sources of history.